Prehľad matematiky

Guardado en:
Detalles Bibliográficos
Autores principales: Horák, Peter (Autor), Niepel, Ľudovít (Autor)
Formato: Libro
Lenguaje:eslovaco
Publicado: Bratislava : Alfa, 1983
Edición:1. vyd.
Materias:
Etiquetas: Agregar Etiqueta
Sin Etiquetas, Sea el primero en etiquetar este registro!

MARC

LEADER 00000nam a22000003a 4500
001 stu11225
005 20150617225700.8
008 950309s1983----cs------------------slo-d
040 |a STU  |b slo 
041 0 |a slo 
044 |a cs 
100 1 |a Horák, Peter  |4 aut 
245 1 |a Prehľad matematiky 
250 |a 1. vyd. 
260 |a Bratislava :  |b Alfa,  |c 1983 
300 |a 598 s 
650 7 |a matematika  |2 stusub 
650 7 |a vedy prírodné  |2 stusub 
700 1 |a Niepel, Ľudovít  |4 aut 
996 |b 284AU00768  |c A*1893 U  |l AAKNAR  |s A  |a 24  |w stu11225_0001 
996 |b 284AU00767  |c A*1894 U  |l AAKNAR  |s A  |a 24  |w stu11225_0002